Normal view
MARC view
Entry Personal Name
001 - CONTROL NUMBER
- control field: 28281
003 - CONTROL NUMBER IDENTIFIER
- control field: ARRUPE
005 - DATE AND TIME OF LATEST TRANSACTION
- control field: 20170112095634.0
008 - FIXED-LENGTH DATA ELEMENTS
- fixed length control field: 170112|| aca||aabn | a|a d
040 ## - CATALOGING SOURCE
- Original cataloging agency: ARRUPE
- Transcribing agency: ARRUPE
100 ## - HEADING--PERSONAL NAME
- Personal name: Reich, Klans
- Relator term: ed.
670 ## - SOURCE DATA FOUND
- Source citation: Work cat.: (ARRUPE): Kant, Immanuel 28279, De mundi sensibilis atque intelligibilis forma et principiis, 1958